000 00474nam a2200157 4500
001 109926
003 ES-MaACL
005 20230906184937.0
007 t|
008 061121s1969 sp r ||||1| spa d
100 1 _aO'Boyle, Patrick.
_986276
245 1 3 _aEl sexo en el matrimonio
_b: cuestiones suscitadas por la encĂ­clica `humanae vitae` /
_cPatrick O'Boyle.
260 _aMadrid :
_bCio,
_c1969.
300 _a62 p. ;
_c21 cm.
852 _aES-MaACL
_jC-48530
_bR.68736
999 _c109926
_d109926